书目信息 |
| 题名: |
实用数值分析
|
|
| 作者: | 杨大地 , 谈骏渝 编著 | |
| 分册: | ||
| 出版信息: | 重庆 重庆大学出版社 2000.02 |
|
| 页数: | ||
| 开本: | 16开 | |
| 丛书名: | ||
| 单 册: | ||
| 中图分类: | O241-43 | |
| 科图分类: | ||
| 主题词: | 计算数学 | |
| 电子资源: | ||
| ISBN: | 7-5624-2095-5 | |
| 000 | 00556nam0 2200193 45 | |
| 001 | 0009021511 | |
| 005 | 20000902155453.3 | |
| 010 | @a7-5624-2095-5@d20.00元 | |
| 100 | @a20000902d2000 km y0chiy0120 ea | |
| 101 | 0 | @achi |
| 200 | 1 | @a实用数值分析@AShi Yong Shu Zhi Fen Xi@f杨大地,谈骏渝编著@FYang Da Di,Tan Jun Yu Bian Zhu |
| 210 | @a重庆@c重庆大学出版社@d2000.02 | |
| 215 | @d16开 | |
| 606 | 0 | @a计算数学 |
| 690 | @aO241-43@v3 | |
| 701 | 0 | @a杨大地@4编著 |
| 701 | 0 | @a谈骏渝@4编著 |
| 801 | @aCN@bPftUser@c20000902 | |
| 905 | @b1169207-211@dO241-43@eY160@f5 | |
| 实用数值分析/杨大地,谈骏渝编著.-重庆:重庆大学出版社,2000.02 |
| 16开 |
| ISBN 7-5624-2095-5:20.00元 |
| ● |
| 相关链接 |
|
|
|
正题名:实用数值分析
索取号:O241-43/Y160
 
预约/预借
| 序号 | 登录号 | 条形码 | 馆藏地/架位号 | 状态 | 备注 |
| 1 | 116920 | 201169207 | 自科二线504/504自科库 49排3列1层/ [索取号:O241-43/Y160] | 在馆 | |
| 2 | 116921 | 201169216 | 自科二线504/504自科库 49排3列1层/ [索取号:O241-43/Y160] | 在馆 | |
| 3 | 116922 | 201169225 | 自科二线504/504自科库 49排3列1层/ [索取号:O241-43/Y160] | 在馆 | |
| 4 | 116923 | 201169234 | 自科二线504/504自科库 49排3列1层/ [索取号:O241-43/Y160] | 在馆 | |
| 5 | 116924 | 201169243 | 自科二线504/504自科库 49排3列1层/ [索取号:O241-43/Y160] | 在馆 |